000 00439nam a22001817a 4500
003 koha_MIRAKIL
005 20231213095840.0
008 231213b |||||||| |||| 00| 0 ||| d
020 _b978-9-75403620-6
040 _aTR-IsEVY
_btur
_cTR-IsEVY
082 _a595.796 ALG/K
100 _aAlgarra, Alejandro.
245 0 _aKeşfedin kelebekler
260 _bTÜBİTAK,
_c2011
300 _a38
650 _aZooloji.
942 _2ddc
_cBK
999 _c10460
_d10460